000 00362nam a2200133Ia 4500
008 151213s9999 xx 000 0 und d
100 _aVerschueren, K
245 _aMaterial environmental data sheets
_cVerschueren, K
260 _aNew York
_bVan Vostrand Reinold
_c1996
300 _a1820 p.
650 _aReference
700 _aVerschueren, K
999 _c1339
_d1339